| 000 | 00603nam a22002057i 4500 | ||
|---|---|---|---|
| 001 | 6001 | ||
| 003 | OSt | ||
| 005 | 20181119124230.0 | ||
| 007 | tu | ||
| 008 | 161220s2001 xxu||||| |||| 00| 0 d | ||
| 020 | _a3930963639 | ||
| 024 | 7 |
_a6001 _2RID |
|
| 024 | 7 |
_a6001 _2RSN (alt) |
|
| 040 | _cOSt | ||
| 100 | 1 | _aRosenfeld, Martin T. W. | |
| 245 | 0 | 0 | _aRegionale Wirtschaftsstrukturen in der zweiten Phase der ostdeutschen Transformation: Sachsen-Anhalt 1995-1999 |
| 260 |
_aHalle : _bInstitut für Wirtschaftsforschung Halle IWH, _c2001. |
||
| 490 |
_aIWH Forschungsreihe - Sonderheft _v1 |
||
| 942 | _cP | ||
| 999 |
_c5690 _d5690 |
||